Responses for show #4362 - Tuesday, July 15, 2003

Contestants

Debra Doyle, a customer service representative from Walls, Mississippi

Billy Barnhart, a massage therapist from Los Angeles, California

Leonard Stoehr, a truck driver from Norcross, Georgia (whose 2-day cash winnings total $19,999)

Jeopardy! Round responses

PEN NAMES
NEW ORLEANS
GUILTY PLEASURES
"TH"AT'S THAT!
STUPID ANSWERS
HE DID IT!
    $200 26
Crayola

Debra
    $200 13
A Streetcar Named Desire

Leonard
    $200 11
The Bachelorette

Billy
    $200 21
thaw

Leonard
    $200 1
pledge

Debra
    $200 6
Joe DiMaggio

Debra
    $400 27
Bic

Billy
    $400 14
France

Billy
    $400 12
piano

Triple Stumper
    $400 22
Thames

Billy
    $400 2
desert

Leonard
    $400 7
David Lee Roth

Leonard
    $600 28
highlighter

Debra
    $600 15
John James Audubon

Leonard
    $600 16
Arnold Schwarzenegger

Leonard
    $600 23
Thomas the Tank Engine

Debra
    $600 3
Adaptation.

Leonard
    $600 8
Ulysses S. Grant

Leonard
    $800 29
calligraphy

Leonard
    $800 19
Jackson Square

Debra
    $800 17
Harlequin

Debra
    $800 24
Thousand Island

Leonard
    $800 4
(Billy: What is "Charley Pride?")
(Leonard: What is "Charley?")

"Charley Pride's 10th Album"

LeonardBilly
Triple Stumper
    $800 9
Joseph Stalin

Billy
    $1,000 30
fountain pen

Leonard
    $1000 20
"A Confederacy of Dunces"

Leonard
    $1000 18
Journey

Billy
    $1000 25
(Debra: What is Thiacin?)

Thiamine

BillyDebra
    $1000 5
"The State of Maine Song"

Triple Stumper
    $1000 10
Jonathan Swift

Leonard

Scores at the first commercial break (after clue 15):

Leonard Billy Debra
$3,000 $600 $400

Scores at the end of the Jeopardy! Round:

Leonard Billy Debra
$7,400 $3,400 $2,400

Double Jeopardy! Round responses

PEN NAMES
TELEVISION
INVENTIVE MINDS
REFRESHER COURSE
VIENNA-RAMA
BEFORE & AFTER
    $400 26
Ben Franklin

Leonard
    $400 1
(Leonard: What is "The FBI?")

Mission: Impossible

Leonard
Triple Stumper
    $400 18
bras

Debra
    $400 6
green

Debra
    $400 13
the moon

Leonard
    $400 11
(Leonard: What is Porgy and Bess?)

Porgy and Bess Truman

Leonard
Triple Stumper
    $800 27
(Leonard: Who is Defoe?)

Stephen Crane

Leonard
Triple Stumper
    $800 2
Mimi

Debra
    $800 19
bear

Billy
    $800 7
lemonade stand

Leonard
    $800 14
OPEC

Billy
    $800 12
(Debra: What is the Yellow Brick Road to Perdition?)

Follow the Yellow Brick Road to Perdition

BillyDebra
    $1200 28
Nathanael West

Leonard
    $1200 3
Robert Ripley

Leonard
    $1200 20
sail

Billy
    $1200 8
gazpacho

Leonard
    $1200 15
Napoleon

Debra
    $1200 23
Robert the Bruce Willis

Triple Stumper
    $2,000 29
Mark Twain

Leonard
    $1600 4
Markie Post

Leonard
    $1600 21
Orville Redenbacher

Leonard
    $1600 9
royal gin fizz

Debra
    $1,000 16
the Vienna Woods

Debra
    $1600 24
Sunday in the Park with George McGovern

Leonard
    $2000 30
George Sand

Leonard
    $2000 5
Saturday Night Live

Debra
    $2000 22
photography

Triple Stumper
    $2000 10
goat's milk

Debra
    $2000 17
St. Stephen

Triple Stumper
    $2000 25
Mad Anthony Wayne Newton

Triple Stumper

Scores at the end of the Double Jeopardy! Round:

Leonard Billy Debra
$19,800 $7,000 $11,000

[wagering suggestions for these scores]

Final Jeopardy! Round responses

THE CABINET
BillyWhat is Dept. of Homeland Sec.
$6,999
DebraWhat is the Treasury Dept.
$10,000
LeonardWhat is Treasury?
$2,200
Department of Homeland Security

Final scores:

Leonard Billy Debra
$17,600 $13,999 $1,000
3-day champion: $37,599 2nd place: $2,000 3rd place: $1,000

Game dynamics:

Coryat scores:

Leonard Billy Debra
$19,400 $7,000 $11,600
24 R
(including 2 DDs),
4 W
11 R,
1 W
15 R
(including 1 DD),
2 W

Combined Coryat: $38,000

The J! Archive is created by fans, for fans. The Jeopardy! game show and all elements thereof, including but not limited to copyright and trademark thereto, are the property of Jeopardy Productions, Inc. and are protected under law. This website is not affiliated with, sponsored by, or operated by Jeopardy Productions, Inc. Join the discussion at JBoard.tv.